00964 2200229 4500001002100000005001500021035002000036007000300056008004100059020002200100082001000122084001600132100001900148245005300167250001100220260002700231300001900258650002700277520036900304856005000673990001100723INLIS00000000000685120250826075356 a0010-0825000011ta250826 0  a978-623-98505-9-3 a021.7 a021.7 Nur t1 aNurtiar, Haryo1 aThe Secret of Library Marketing /cHaryo Nurtiar aCet. 1 aJakarta :bAPWI,c2022 aviii + 109 hlm 4aPemasaran Perpustakaan aBuku ini membahas mengenai pemasaran perpustakaan dan diperuntukkan bagi para pustakawan, tenaga perpustakaan, pemerhati perpustakaan, dan mahasiswa ilmu perpustakaan. Buku ini terdiri dari 5 (lima) bab yaitu konsep pemasaran, bauran pemasaran pada perpustakaan, branding perpustakaan, pemasaraan online perpustakaan, dan desain program pemasaran perpustakaan. ahttps://heyzine.com/flip-book/37e10e3a96.html a222025